[Event "ESP-ch 88th"]
[Site "Marbella"]
[Date "2023.10.21"]
[Round "9"]
[White "Fernandez Barrera, Victor"]
[Black "Guillo Longares, Cecilia"]
[Result "1-0"]
[WhiteElo "2242"]
[BlackElo "2065"]
[PlyCount "211"]
[EventDate "2023.10.13"]
[EventType "swiss"]
[EventRounds "9"]
[EventCountry "ESP"]
[SourceTitle "Mega2024 Update 01"]
[Source "Chessbase"]
[SourceDate "2023.11.12"]
[SourceVersion "1"]
[SourceVersionDate "2023.11.12"]
[SourceQuality "1"]

1. e4 c5 2. Nf3 Nc6 3. d4 cxd4 4. Nxd4 g6 5. c4 Bg7 6. Be3 Qb6 7. Nb5 Qa5+ 8. N5c3 Nf6 9. Nd2 d6 10. Be2 0-0 11. 0-0 Bd7 12. Nb3 Qd8 13. c5 dxc5 14. Nxc5 b6 15. Nxd7 Qxd7 16. f4 Qxd1 17. Raxd1 e5 18. Rd6 Rac8 19. Ba6 Rc7 20. fxe5 Ne8 21. Nd5 Nxe5 22. Rd8 Rc2 23. Rf2 Rxf2 24. Bxf2 Nf6 25. Ne7+ Kh8 26. Rxf8+ Bxf8 27. Bd4 Bxe7 28. Bxe5 Kg8 29. Bb7 Bc5+ 30. Kf1 Ng4 31. Bb8 a5 32. Ke2 Kf8 33. Kd3 Ke7 34. h3 Ne3 35. e5 Kd7 36. a3 Nd1 37. Kc2 Ne3+ 38. Kc3 Nd1+ 39. Kb3 Ke6 40. Bf3 Ne3 41. Kc3 Nf5 42. Kc4 h5 43. Bd5+ Ke7 44. Kb5 Ne3 45. Bb7 Kd7 46. b4 axb4 47. axb4 Bd4 48. Bc6+ Kd8 49. Be4 Kd7 50. Bd6 Nf5 51. Bc6+ Kd8 52. Kc4 Bb2 53. Kb5 Bd4 54. Bf8 Ne7 55. Be4 Kd7 56. Bg7 Be3 57. Bf6 Bf2 58. Kc4 Ke6 59. Bb7 Kd7 60. b5 Ke6 61. g4 hxg4 62. hxg4 Kd7 63. Kd3 Ke6 64. Ke4 Bc5 65. Bh4 Bg1 66. Be1 Bc5 67. Bd2 Bf2 68. Bb4 Bg1 69. Bd6 Bf2 70. Bc6 Bg1 71. Be8 Bf2 72. Ba3 Bg1 73. Bb2 Ng8 74. Bc6 Nh6 75. Bd5+ Ke7 76. Ba3+ Ke8 77. Kf4 Bd4 78. Bd6 Bf2 79. Bc6+ Kd8 80. Kg5 Ng8 81. Kf4 Nh6 82. Bf8 Ng8 83. Bd5 Ke8 84. Bd6 Ne7 85. Bc4 Nc8 86. Bb4 Ne7 87. Kg5 Ng8 88. Kf4 Ne7 89. Ke4 Bg1 90. e6 fxe6 91. Bxe6 Bh2 92. Bc3 Bc7 93. Be5 Bd8 94. Bd6 Kf8 95. Be5 Ke8 96. Kf4 Kf8 97. Bd4 Ke8 98. Ke5 Bc7+ 99. Kf6 Kf8 100. Be5 Bd8 101. Bd6 Ke8 102. Kg7 g5 103. Bb8 Ng8 104. Bxg8 Kd7 105. Kg6 Be7 106. Be5 1-0

[Event "Rilton Cup 50th"]
[Site "Stockholm"]
[Date "2023.01.02"]
[Round "6"]
[White "Guillo Longares, Cecilia"]
[Black "Levi, Netanel"]
[Result "1-0"]
[WhiteElo "1941"]
[BlackElo "2179"]
[PlyCount "157"]
[EventDate "2022.12.27"]
[EventType "swiss"]
[EventRounds "9"]
[EventCountry "SWE"]
[SourceTitle "CBM 212 Extra"]
[Source "ChessBase"]
[SourceDate "2023.03.31"]
[SourceVersion "1"]
[SourceVersionDate "2023.03.31"]
[SourceQuality "1"]

1. d4 Nf6 2. c4 g6 3. Nf3 Bg7 4. g3 0-0 5. Bg2 d6 6. 0-0 c6 7. Nc3 Qb6 8. b3 e5 9. Ba3 Rd8 10. Rc1 Qa5 11. Bb2 e4 12. Ne1 d5 13. Nc2 Bh6 14. b4 Qb6 15. e3 a5 16. b5 Be6 17. Na4 Qc7 18. Na3 Nbd7 19. cxd5 Bxd5 20. bxc6 bxc6 21. Nc4 Bf8 22. Qc2 Rab8 23. Ne5 Nxe5 24. dxe5 Ne8 25. Bxe4 Bxe4 26. Qxe4 Rd2 27. Rxc6 Qd7 28. Nb6 Qh3 29. Bd4 Ng7 30. Rc2 Rxc2 31. Qxc2 Ne6 32. Nd5 Ng5 33. f4 Ne6 34. Nf6+ Kh8 35. Qg2 Qh6 36. Nd7 Rd8 37. Qb7 Bb4 38. Bb6 Rg8 39. Nf6 Rf8 40. Nd7 Rg8 41. Nf6 Rf8 42. Kg2 Qg7 43. Rc1 h5 44. h4 Bd2 45. Rc2 Bb4 46. Qa6 Be7 47. Nd5 g5 48. Nxe7 gxh4 49. Qe2 Qxg3+ 50. Kf1 Ng7 51. Qg2 Kh7 52. Qxg3 hxg3 53. Kg2 h4 54. Kh3 Re8 55. Nd5 Kg6 56. e4 Nh5 57. Kxh4 Rh8 58. Kg4 Kg7 59. Bxa5 Rh6 60. f5 Kh7 61. Be1 Kg7 62. Bxg3 Nxg3 63. Kxg3 Rh1 64. a4 Ra1 65. Rc4 Kh6 66. Kf3 Ra3+ 67. Nc3 Kg5 68. Ke3 Ra1 69. Kd4 Kf4 70. Kc5 Kxe5 71. Kb6 Ra3 72. a5 Rb3+ 73. Nb5 Rh3 74. a6 Rh8 75. a7 f6 76. Kb7 Rh7+ 77. Nc7 Kd6 78. a8Q Rxc7+ 79. Rxc7 1-0

[Event "Rilton Cup 50th"]
[Site "Stockholm"]
[Date "2022.12.27"]
[Round "1"]
[White "Sarkar, Justin"]
[Black "Guillo Longares, Cecilia"]
[Result "1-0"]
[WhiteElo "2343"]
[BlackElo "1941"]
[PlyCount "69"]
[EventDate "2022.12.27"]
[EventType "swiss"]
[EventRounds "9"]
[EventCountry "SWE"]
[SourceTitle "CBM 212 Extra"]
[Source "ChessBase"]
[SourceDate "2023.03.31"]
[SourceVersion "1"]
[SourceVersionDate "2023.03.31"]
[SourceQuality "1"]

1. d4 Nf6 2. c4 g6 3. Nc3 Bg7 4. e4 d6 5. Be2 0-0 6. Be3 Nbd7 7. Nf3 c5 8. d5 Ng4 9. Bg5 Rb8 10. Nd2 Ngf6 11. 0-0 a6 12. a4 e6 13. f4 Qc7 14. Bh4 exd5 15. exd5 b6 16. g4 Bb7 17. Qc2 Ba8 18. f5 Ne5 19. g5 Nfg4 20. Bxg4 Nxg4 21. f6 Bh8 22. Rae1 Rfe8 23. Rxe8+ Rxe8 24. Re1 Rxe1+ 25. Bxe1 h6 26. Qe4 Ne5 27. h4 Bb7 28. Bg3 Qd7 29. Nf3 Nxf3+ 30. Qxf3 b5 31. axb5 Qe8 32. Qe4 Qc8 33. Qe7 Qa8 34. b6 Qc8 35. Ne4 1-0

[Event "Palma de Mallorca op (Women)"]
[Site "Palma de Mallorca"]
[Date "2022.10.29"]
[Round "3"]
[White "Ventura, Maia"]
[Black "Guillo Longares, Cecilia"]
[Result "0-1"]
[WhiteElo "1584"]
[BlackElo "1935"]
[PlyCount "74"]
[EventDate "2022.10.28"]
[EventType "swiss"]
[EventRounds "5"]
[EventCountry "ESP"]
[SourceTitle "EXT 2024"]
[Source "ChessBase"]
[SourceDate "2023.10.10"]
[SourceVersion "1"]
[SourceVersionDate "2023.10.10"]
[SourceQuality "1"]

1. e4 c5 2. Nc3 Nc6 3. Bb5 Nd4 4. Bc4 g6 5. f4 Bg7 6. Nf3 e6 7. 0-0 Ne7 8. a4 d5 9. exd5 exd5 10. Bb5+ Nxb5 11. Nxb5 a6 12. Nc3 0-0 13. d3 Nc6 14. Kh1 Rb8 15. Qe1 Nb4 16. Qf2 b6 17. Nd1 d4 18. Qd2 Bf5 19. Nf2 Qd5 20. Ng5 Rbd8 21. b3 Qc6 22. Nge4 Bc8 23. a5 Bb7 24. Rg1 Nd5 25. axb6 f5 26. Ng5 Ne3 27. Nfh3 h6 28. Nf3 Nxg2 29. Rf1 Ne3 30. Rf2 Ng4 31. Rf1 Rfe8 32. Nhg1 Ne3 33. Rf2 g5 34. fxg5 hxg5 35. Rg2 Nxg2 36. Qxg2 g4 37. Nh4 Qxb6 0-1

[Event "Santiago de Compostela Bicapawn GP Rap"]
[Site "Santiago de Compostela"]
[Date "2022.10.22"]
[Round "2"]
[White "Petrosyan, Manuel"]
[Black "Guillo Longares, Cecilia"]
[Result "1-0"]
[WhiteElo "2609"]
[BlackElo "1935"]
[PlyCount "67"]
[EventDate "2022.10.22"]
[EventType "swiss (rapid)"]
[EventRounds "9"]
[EventCountry "ESP"]
[SourceTitle "CBM 210 Extra"]
[Source "ChessBase"]
[SourceDate "2022.11.30"]
[SourceVersion "1"]
[SourceVersionDate "2022.11.30"]
[SourceQuality "1"]

1. e4 c5 2. Nf3 Nc6 3. Bb5 g6 4. Bxc6 dxc6 5. h3 Bg7 6. d3 Nf6 7. 0-0 Nd7 8. a4 Nf8 9. a5 Ne6 10. Nbd2 0-0 11. Nc4 Nd4 12. Nxd4 cxd4 13. Bf4 Be6 14. b3 Bxc4 15. bxc4 e5 16. Bd2 f5 17. exf5 gxf5 18. Re1 Qh4 19. Rb1 Rf7 20. Qf3 Raf8 21. a6 b6 22. Qxc6 e4 23. Bb4 Rd8 24. dxe4 fxe4 25. Rxe4 Qxf2+ 26. Kh1 Qxc2 27. Rbe1 Bf8 28. Qe6 Qf2 29. Bxf8 Rdxf8 30. Rg4+ Kh8 31. Qe5+ Rf6 32. Ree4 Qf1+ 33. Kh2 Qxc4 34. Qxf6+ 1-0

[Event "Santiago de Compostela Bicapawn GP B2"]
[Site "Santiago de Compostela"]
[Date "2022.10.20"]
[Round "1"]
[White "Guillo Longares, Cecilia"]
[Black "Gagunashvili, Merab"]
[Result "1-0"]
[WhiteElo "1935"]
[BlackElo "2556"]
[PlyCount "83"]
[EventDate "2022.10.20"]
[EventType "swiss (blitz)"]
[EventRounds "9"]
[EventCountry "ESP"]
[SourceTitle "CBM 210 Extra"]
[Source "ChessBase"]
[SourceDate "2022.11.30"]
[SourceVersion "1"]
[SourceVersionDate "2022.11.30"]
[SourceQuality "1"]

1. e4 c5 2. Nf3 g6 3. d4 cxd4 4. Nxd4 Nc6 5. c4 Nf6 6. Nc3 d6 7. f3 Nxd4 8. Qxd4 Bg7 9. Be3 0-0 10. Qd2 a5 11. Na4 Nd7 12. Rd1 b6 13. b3 Bb7 14. Be2 Nc5 15. Nc3 Qc7 16. 0-0 Rad8 17. Kh1 Kh8 18. Rc1 f5 19. exf5 gxf5 20. Bd1 e5 21. Bc2 Qf7 22. Rcd1 Qh5 23. f4 Ne6 24. Ne2 Qh3 25. Ng3 Rf6 26. Kg1 Qg4 27. Rde1 h5 28. Bd1 Qh4 29. Nxh5 Rg6 30. g3 Qe7 31. Nxg7 Kxg7 32. Qf2 Qc7 33. fxe5 dxe5 34. Bf3 e4 35. Be2 Rf8 36. Bf4 Qc6 37. Qe3 Rh8 38. Rd1 Qe8 39. Be5+ Kf7 40. Rxf5+ Ke7 41. Qxb6 Rg4 42. Qd6# 1-0

[Event "Almansa op-A"]
[Site "Almansa"]
[Date "2022.08.12"]
[Round "6"]
[White "Guillo Longares, Cecilia"]
[Black "Jarque Megias, Juan Jose"]
[Result "1-0"]
[WhiteElo "2081"]
[BlackElo "2014"]
[PlyCount "147"]
[EventDate "2022.08.10"]
[EventType "swiss"]
[EventRounds "8"]
[EventCountry "ESP"]
[SourceTitle "CBM 210 Extra"]
[Source "ChessBase"]
[SourceDate "2022.11.30"]
[SourceVersion "1"]
[SourceVersionDate "2022.11.30"]
[SourceQuality "1"]

1. d4 Nf6 2. c4 g6 3. Nf3 Bg7 4. g3 0-0 5. Bg2 d6 6. 0-0 Nc6 7. Nc3 e5 8. dxe5 dxe5 9. h3 Be6 10. b3 Qc8 11. Kh2 Rd8 12. Qc2 e4 13. Ng5 Nd4 14. Qb2 Bf5 15. g4 Bxg4 16. hxg4 Qxg4 17. f3 Qh4+ 18. Nh3 Nh5 19. Bg5 Qg3+ 20. Kh1 exf3 21. exf3 Re8 22. Qd2 Ne6 23. Ne4 Qe5 24. Rae1 Nxg5 25. Nhxg5 f5 26. f4 Qd4 27. Qxd4 Bxd4 28. Nd2 Ng3+ 29. Kh2 Nxf1+ 30. Rxf1 c6 31. Ndf3 Bf6 32. Kg3 h6 33. Nh3 Rad8 34. Rf2 Re3 35. Rc2 Rd1 36. Kf2 Re6 37. Bf1 Rd7 38. c5 Kg7 39. Bc4 Re4 40. Kf1 Rd1+ 41. Kg2 a5 42. Nf2 Rd7 43. Nxe4 fxe4 44. Ng1 Be7 45. Be6 Rd8 46. Ne2 Kf6 47. Bh3 g5 48. fxg5+ hxg5 49. Ng3 e3 50. Kf3 Rd3 51. Ke2 Rd2+ 52. Rxd2 exd2 53. Kxd2 Ke5 54. Bc8 Bxc5 55. Bxb7 Bb4+ 56. Ke3 c5 57. a4 g4 58. Bc8 Kd5 59. Bxg4 c4 60. Bf3+ Ke5 61. bxc4 Bc5+ 62. Kd3 Bb4 63. Ne4 Kf4 64. Bh5 Ke5 65. Bf7 Be7 66. c5 Bd8 67. Nd6 Kf6 68. Kc4 Ke7 69. Kb5 Bc7 70. Kc6 Kd8 71. Be6 Bb8 72. Kb7 Ke7 73. Kxb8 Kxe6 74. Kb7 1-0

[Event "ESP-ch U18 Rapid"]
[Site "Salobrena"]
[Date "2022.08.06"]
[Round "4"]
[White "Guillo Longares, Cecilia"]
[Black "Cesar Maestre, Bernardo"]
[Result "1-0"]
[WhiteElo "1877"]
[BlackElo "1942"]
[PlyCount "91"]
[EventDate "2022.08.06"]
[EventType "swiss (rapid)"]
[EventRounds "9"]
[EventCountry "ESP"]
[SourceTitle "EXT 2023"]
[Source "ChessBase"]
[SourceDate "2022.10.05"]
[SourceVersion "1"]
[SourceVersionDate "2022.10.05"]
[SourceQuality "1"]

1. d4 Nf6 2. c4 e6 3. Nf3 a6 4. g3 b5 5. b3 Bb7 6. Bg2 c5 7. Ba3 bxc4 8. bxc4 Qa5+ 9. Kf1 Be7 10. Qb3 Bc6 11. Ne5 Bxg2+ 12. Kxg2 0-0 13. Qb7 d6 14. Qxa8 dxe5 15. dxe5 Nfd7 16. Qe4 f5 17. Qe3 Nc6 18. Bb2 Qc7 19. f4 Qb7 20. Qb3 Qa8 21. Qf3 g5 22. Kf2 g4 23. Qg2 Nb6 24. Nd2 Na4 25. Rab1 Rd8 26. Nb3 Qc8 27. Ba1 Nb4 28. Rhd1 Nxa2 29. Rxd8+ Bxd8 30. Rd1 N2c3 31. Bxc3 Nxc3 32. Rd3 Ne4+ 33. Kg1 Qb8 34. Qf1 h5 35. Qa1 Qa8 36. Qa4 Be7 37. Rd7 Kf8 38. Rc7 Nc3 39. Qd7 Nxe2+ 40. Kf2 Qf3+ 41. Ke1 Qh1+ 42. Kxe2 Qxh2+ 43. Kd1 Qh1+ 44. Kc2 Qe4+ 45. Kb2 Qe2+ 46. Ka3 1-0

[Event "San Sebastian Constitucion op"]
[Site "San Sebastian de los Reyes"]
[Date "2021.12.10"]
[Round "7"]
[White "Martinez Fernandez, Raul"]
[Black "Guillo Longares, Cecilia"]
[Result "1-0"]
[WhiteElo "2203"]
[BlackElo "2010"]
[PlyCount "117"]
[EventDate "2021.12.04"]
[EventType "swiss"]
[EventRounds "8"]
[EventCountry "ESP"]
[SourceTitle "CBM 206 Extra"]
[Source "ChessBase"]
[SourceDate "2022.03.31"]
[SourceVersion "1"]
[SourceVersionDate "2022.03.31"]
[SourceQuality "1"]

1. e4 c5 2. Nf3 Nc6 3. Bb5 g6 4. Bxc6 dxc6 5. d3 Bg7 6. h3 Nf6 7. a4 Nd7 8. a5 Nf8 9. 0-0 e5 10. Be3 Ne6 11. Nbd2 Qe7 12. Nc4 Nd4 13. Nfd2 g5 14. Qh5 h6 15. Rac1 g4 16. Bxd4 cxd4 17. hxg4 Kd8 18. Nf3 f6 19. Nh4 Rg8 20. Nf5 Bxf5 21. gxf5 Bf8 22. f4 Qg7 23. Qg6 Qxg6 24. fxg6 exf4 25. Rxf4 Rxg6 26. e5 Be7 27. Rcf1 f5 28. Rxd4+ Kc7 29. Rdf4 Rag8 30. R1f2 b5 31. axb6+ axb6 32. Kf1 b5 33. Nd2 Ra8 34. Nb3 c5 35. Rxf5 c4 36. Nd4 Bh4 37. g3 Bxg3 38. Rg2 Ra1+ 39. Ke2 cxd3+ 40. cxd3 Rb1 41. Kf3 Rf1+ 42. Ke4 Rg4+ 43. Kd5 Rxd4+ 44. Kxd4 Rxf5 45. Rxg3 h5 46. Kd5 Rf7 47. d4 Rd7+ 48. Kc5 b4 49. d5 h4 50. Rg4 Rh7 51. e6 h3 52. d6+ Kb7 53. e7 Rh5+ 54. Kxb4 h2 55. e8Q h1Q 56. Rg7+ Kb6 57. Qd8+ Ka6 58. Qc8+ Kb6 59. Qc7+ 1-0